2013 Annual book of ASTM standards: Section 9. Rubber. Vol.09.02. Rubber products, industrial-specifications and related test methods, gaskets, tires (Record no. 43145)

MARC details
000 -LEADER
fixed length control field 00447nam a2200121Ia 4500
020 ## - INTERNATIONAL STANDARD BOOK NUMBER
ISBN 9781622043897
082 ## - DEWEY DECIMAL CLASSIFICATION NUMBER
Classification number NR:62(083.74)AST2013
Item number ANN.09.02
245 #0 - TITLE STATEMENT
Title 2013 Annual book of ASTM standards: Section 9. Rubber. Vol.09.02. Rubber products, industrial-specifications and related test methods, gaskets, tires
260 ## - PUBLICATION, DISTRIBUTION, ETC. (IMPRINT)
Place of publication ASTM international
Name of publisher USA
Year of publication 2013
650 ## - SUBJECT ADDED ENTRY--TOPICAL TERM
Topical Term ASTM standard
942 ## - ADDED ENTRY ELEMENTS (KOHA)
Koha item type Books
Holdings
Withdrawn status Lost status Damaged status Not for loan Home library Current library Date acquired Full call number Accession Number Koha item type
        RRII Library RRII Library 16/12/2021 NR:62(083.74)AST2013 ANN.09.02 23411 Books